THE SUMMER OF THE BEAR (Record no. 3813)
[ view plain ]
| 000 -LEADER | |
|---|---|
| fixed length control field | 00578nam a22001457a 4500 |
| 020 ## - INTERNATIONAL STANDARD BOOK NUMBER | |
| ISBN | 978-0-330-51906-9 |
| 082 ## - DEWEY DECIMAL CLASSIFICATION NUMBER | |
| Classification number | 823 |
| Item number | POL/S |
| 100 ## - MAIN ENTRY--AUTHOR NAME | |
| Personal name | POLLEN, BELLA |
| 245 ## - TITLE STATEMENT | |
| Title | THE SUMMER OF THE BEAR |
| 260 ## - PUBLICATION, DISTRIBUTION, ETC. (IMPRINT) | |
| Place of publication | UNITED KINGDOM |
| Name of publisher | PAN BOOKS |
| Year of publication | 2011 |
| 300 ## - PHYSICAL DESCRIPTION | |
| Number of Pages | 452 |
| 520 ## - SUMMARY, ETC. | |
| Summary, etc | The Summer of the Bear' tells the story of Letty and her three children who have just moved back to the windswept Scottish island after the death of Nicky - Letty's husband, the children's father and formally a British Diplomat and adored by his family. |
| 650 ## - SUBJECT ADDED ENTRY--TOPICAL TERM | |
| Topical Term | NOVEL |
| Geographic subdivision | UNITED KINGDOM |
| 942 ## - ADDED ENTRY ELEMENTS (KOHA) | |
| Koha item type | Books |
| Withdrawn status | Lost status | Collection code | Home library | Current library | Shelving location | Date acquired | Source of acquisition | Cost, normal purchase price | Full call number | Accession Number | Koha item type |
|---|---|---|---|---|---|---|---|---|---|---|---|
| Fiction | Main Library | Main Library | SHELF-14-J- ALPHABETICAL P,Q --ENGLISH NOVELS & FICTIONS | 04/02/2019 | purchase | 100.00 | 823 POL/S | 10983 | Books |